| 000 | 00373 a2200169 4500 | ||
|---|---|---|---|
| 001 | 46440 | ||
| 020 | _a9788573192414 | ||
| 040 | _cAnchieta - Aquarius | ||
| 100 | _aNoel, Genevieve | ||
| 240 | 1 | 0 |
_a*Que amor de jacaré! _lpor |
| 245 | 1 | 0 | _a*Que amor de jacaré! |
| 300 | _a32 | ||
| 362 | 0 | _a1998 | |
| 440 | 1 | _aDimensão | |
| 650 | 4 | _aLiteratura infantil | |
| 942 | _cBK | ||
| 999 |
_c46440 _d46440 |
||